000 01959nam a22003017a 4500
005 20110314100721.0
010 _aENG-102114 B-452321-325
020 _a9788184840933
_c1480.00
035 _aEN-85647 B-452321-325
037 _bDBAD / PUB
037 _bVirtuous Pub/Ven
082 _a346.54048
100 _aSreenivasulu, N. S.
_941716
245 _aIntellectual property rights /
_cby Sreenivasulu N. S.
250 _a2nd rev. & enl. ed
260 _aNew Delhi
_bRegal Publications
_c2011
270 _aF-159, Rajouri Garden
_bNew Delhi
_e110 027
_k011-45546396
_mregalbookspub@yahoo.com
300 _axxii, 378 p.
_c24 cm. (Hb.)
500 _aincludes index
942 _adpl
_cEN
_2ddc
_h346.54048
_mSRE
999 _c51037
_d51037